| 000 | 01245nam0a22002891 4500 | ||
|---|---|---|---|
| 001 | rc\899647 | ||
| 005 | 20260407143123.0 | ||
| 035 | _a(NLR Aleph) 006075465 | ||
| 090 |
_a5042942 _c5042941 |
||
| 100 | _a20041129d1983 |||y0rusy50 ca | ||
| 101 | 0 | _arus | |
| 102 | _aRU | ||
| 105 | _ay ||||||||| | ||
| 200 | 1 |
_aПрофилактика правонарушений среди учащихся _f[Т.С. Барило, И.С. Демина, З.Г. Зайцева и др. _gОтв. ред. Я.Н. Шевченко] |
|
| 210 |
_aКиев _cНаукова думка _d1983 |
||
| 215 |
_a100 с. _d20 |
||
| 300 | _aАвт. указаны на обороте тит. л. | ||
| 300 | _aВ надзаг.: АН УССР, Ин-т государства и права | ||
| 701 | 1 |
_aБарило _bТ.С. _gТамара Сергеевна |
|
| 702 | 1 |
_4340 _7ca _8rus _aШевченко _bЯ. Н. _cд-р юрид. наук _f1932-2017 _gЯрославна Николаевна _3RU\NLR\AUTH\770278706 _92650673 |
|
| 712 | 0 | 2 |
_aИнститут государства и права _cКиев _3RU\NLR\AUTH\8810014783 _9527449 |
| 801 | 0 |
_aRU _bNLR _gpsbo |
|
| 801 | 1 |
_aRU _bELAR _2rusmarc |
|
| 852 |
_aNLR _j84-4/3224 |
||
| 942 | _cBOOK | ||
| 980 | _aNB | ||